Linear algebra and its applications / (Record no. 21086)

MARC details
000 -LEADER
fixed length control field 01007cam a2200313 i 4500
001 - CONTROL NUMBER
control field 13889148
003 - CONTROL NUMBER IDENTIFIER
control field EG-ScBUE
005 - DATE AND TIME OF LATEST TRANSACTION
control field 20240922093157.0
008 - FIXED-LENGTH DATA ELEMENTS--GENERAL INFORMATION
fixed length control field 050304t2006 caua f d 001 0 eng d
020 ## - INTERNATIONAL STANDARD BOOK NUMBER
International Standard Book Number 0030105676 (student ed.)
020 ## - INTERNATIONAL STANDARD BOOK NUMBER
International Standard Book Number 9780030105678
040 ## - CATALOGING SOURCE
Original cataloging agency DLC
Language of cataloging eng
Description conventions rda
Transcribing agency DLC
Modifying agency EG-ScBUE
082 04 - DEWEY DECIMAL CLASSIFICATION NUMBER
Edition number 22
Classification number 512.5
Item number STR
100 1# - MAIN ENTRY--PERSONAL NAME
Personal name Strang, Gilbert,
Relator term author.
9 (RLIN) 38802
245 10 - TITLE STATEMENT
Title Linear algebra and its applications /
Statement of responsibility, etc Gilbert Strang, Massachusetts Institute of Technology.
250 ## - EDITION STATEMENT
Edition statement Fourth edition.
264 #1 - PUBLICATION, DISTRIBUTION, ETC. (IMPRINT)
Place of publication, distribution, etc Belmont :
Name of publisher, distributor, etc Thomson, Brooks / Cole / Cengage Learning,
Date of publication, distribution, etc [2006]
264 #4 - PUBLICATION, DISTRIBUTION, ETC. (IMPRINT)
Date of publication, distribution, etc c2006
300 ## - PHYSICAL DESCRIPTION
Extent viii, 487 pages :
Other physical details illustrations ;
Dimensions 25 cm
336 ## - CONTENT TYPE
Source rdacontent
Content type term text
Content type code txt
337 ## - MEDIA TYPE
Media type term unmediated
Source rdamedia
Media type code n
338 ## - CARRIER TYPE
Carrier type term volume
Carrier type code nc
Source rdacarrier
500 ## - GENERAL NOTE
General note Includes index.<br/>
500 ## - GENERAL NOTE
General note Includes glossary.<br/>
650 #7 - SUBJECT ADDED ENTRY--TOPICAL TERM
Topical term or geographic name as entry element Algebras, Linear.
Source of heading or term BUEsh
9 (RLIN) 3439
653 ## - INDEX TERM--UNCONTROLLED
Resource For college Engineering, Electrical
Arrived date list November2015
655 ## - INDEX TERM--GENRE/FORM
Form subdivision Reading book
9 (RLIN) 34232
942 ## - ADDED ENTRY ELEMENTS (KOHA)
Source of classification or shelving scheme Dewey Decimal Classification
Koha item type Book - Borrowing
Holdings
Withdrawn status Lost status Source of classification or shelving scheme Damaged status Not for loan Collection code Home library Current library Shelving location Date acquired Source of acquisition Total Checkouts Total Renewals Full call number Barcode Date last seen Date checked out Price effective from Koha item type
    Dewey Decimal Classification     Baccah Central Library Central Library First floor 29/11/2015 Purchase 1 2 512.5 STR 000031446 15/07/2025 26/08/2018 29/11/2015 Book - Borrowing
    Dewey Decimal Classification     Baccah Central Library Central Library First floor 29/11/2015 Purchase     512.5 STR 000031447 15/07/2025   29/11/2015 Book - Borrowing
    Dewey Decimal Classification     Baccah Central Library Central Library First floor 29/11/2015 Purchase 3 39 512.5 STR 000031448 15/07/2025 01/12/2024 29/11/2015 Book - Borrowing